Monk On Riverside 1955-57, vol. 02 (Record n. 99785)
[ formato base ]
| 000 -LEADER | |
|---|---|
| fixed length control field | 02641njm a2200469Ia 4500 |
| 001 - CONTROL NUMBER | |
| control field | 25880 |
| 003 - CONTROL NUMBER IDENTIFIER | |
| control field | IT-RoPAU |
| 005 - DATE AND TIME OF LATEST TRANSACTION | |
| control field | 20220918181121.0 |
| 008 - FIXED-LENGTH DATA ELEMENTS--GENERAL INFORMATION | |
| fixed length control field | 131025s9999 xx 000 0 und d |
| 040 ## - CATALOGING SOURCE | |
| Original cataloging agency | IT-RoPAU |
| 040 ## - CATALOGING SOURCE | |
| Transcribing agency | IT-RoPAU |
| 999 ## - SYSTEM CONTROL NUMBERS (KOHA) | |
| Koha Dewey Subclass [OBSOLETE] | SI |
| 100 ## - MAIN ENTRY--PERSONAL NAME | |
| Personal name | AA.VV. |
| 9 (RLIN) | 794 |
| 100 ## - MAIN ENTRY--PERSONAL NAME | |
| Relator term | Autore musica |
| 9 (RLIN) | 14658 |
| 100 ## - MAIN ENTRY--PERSONAL NAME | |
| Miscellaneous information | Codice autore musica SPICS: 12000 |
| 9 (RLIN) | 796 |
| 245 ## - TITLE STATEMENT | |
| Title | Monk On Riverside 1955-57, vol. 02 |
| 250 ## - EDITION STATEMENT | |
| Edition statement | 2a ed. |
| 260 ## - PUBLICATION, DISTRIBUTION, ETC. (IMPRINT) | |
| Place of publication, distribution, etc. | MILANO |
| 260 ## - PUBLICATION, DISTRIBUTION, ETC. (IMPRINT) | |
| Name of publisher, distributor, etc. | RIVERSIDE RECORDS |
| Date of publication, distribution, etc. | 1984 [1a Ed.:1956 - Ed. Lingua Orig.: 1956] |
| 300 ## - PHYSICAL DESCRIPTION | |
| Extent | DISCO |
| 300 ## - PHYSICAL DESCRIPTION | |
| Dimensions | 37 minuti (Testo: pag.) |
| 500 ## - GENERAL NOTE | |
| General note | Musica jazz |
| 505 ## - FORMATTED CONTENTS NOTE | |
| Formatted contents note | Tea For Two [(17 marzo e 3 aprile 1956) (6:00)] - You Are Too Beautiful [(17 marzo e 3 aprile 1956) (5:00)] - Just You, Just Me [(17 marzo e 3 aprile 1956) (8:00)] - Liza [(17 marzo e 3 aprile 1956) (4:00)] - Memories of You [(17 marzo e 3 aprile 1956) (5:00)] - Honeysuckle Rose [(17 marzo e 3 aprile 1956) (6:00)] - Darn That Dream [(17 marzo e 3 aprile 1956) (7:00)] |
| 511 ## - PARTICIPANT OR PERFORMER NOTE | |
| Participant or performer note | Monk Theolonius: piano; Pettiford Oscar: basso; Blakey Art: drums |
| 650 ## - SUBJECT ADDED ENTRY--TOPICAL TERM | |
| Topical term or geographic name as entry element | JAZZ [DISCHI] |
| Relator term | Codice MATERIA SPICS: 9950 |
| 9 (RLIN) | 14659 |
| 700 ## - ADDED ENTRY--PERSONAL NAME | |
| Personal name | Monk Thelonious |
| Miscellaneous information | Codice interprete SPICS: 10795 |
| Relator term | Interprete |
| 9 (RLIN) | 14660 |
| 700 ## - ADDED ENTRY--PERSONAL NAME | |
| Personal name | Youmans Vincent |
| Miscellaneous information | Codice autore musica SPICS: 16157 |
| Relator term | Autore musica |
| Name of part/section of a work | Tea For Two |
| 9 (RLIN) | 14661 |
| 700 ## - ADDED ENTRY--PERSONAL NAME | |
| Personal name | Caesar Irving |
| Miscellaneous information | Codice autore SPICS: 20298 |
| Relator term | Autore |
| Name of part/section of a work | Tea For Two |
| 9 (RLIN) | 14662 |
| 700 ## - ADDED ENTRY--PERSONAL NAME | |
| Personal name | Rodgers Richard |
| Miscellaneous information | Codice autore musica SPICS: 11120 |
| Relator term | Autore musica |
| Name of part/section of a work | You Are Too Beautiful |
| 9 (RLIN) | 14663 |
| 700 ## - ADDED ENTRY--PERSONAL NAME | |
| Personal name | Hart Lorenz |
| Miscellaneous information | Codice autore SPICS: 10738 |
| Relator term | Autore musica |
| Name of part/section of a work | You Are Too Beautiful |
| 9 (RLIN) | 14664 |
| 700 ## - ADDED ENTRY--PERSONAL NAME | |
| Personal name | Greer J. |
| Miscellaneous information | Codice autore musica SPICS: 15946 |
| Relator term | Autore musica |
| Name of part/section of a work | Just You, Just Me |
| 9 (RLIN) | 14665 |
| 700 ## - ADDED ENTRY--PERSONAL NAME | |
| Personal name | Klages |
| Miscellaneous information | Codice autore SPICS: 27923 |
| Relator term | Autore |
| Name of part/section of a work | Just You, Just Me |
| 9 (RLIN) | 14666 |
| 700 ## - ADDED ENTRY--PERSONAL NAME | |
| Personal name | Gershwin George |
| Miscellaneous information | Codice autore musica SPICS: 10668 |
| Relator term | Autore musica |
| Name of part/section of a work | Liza |
| 9 (RLIN) | 14667 |
| 700 ## - ADDED ENTRY--PERSONAL NAME | |
| Personal name | Kahn |
| Miscellaneous information | Codice autore SPICS: 19977 |
| Relator term | Autore |
| Name of part/section of a work | Liza |
| 9 (RLIN) | 14668 |
| 700 ## - ADDED ENTRY--PERSONAL NAME | |
| Personal name | Gershwin Ira |
| Miscellaneous information | Codice autore testo/musica SPICS: 10501 |
| Relator term | Autore testo/musica |
| Name of part/section of a work | Liza |
| 9 (RLIN) | 14669 |
| 700 ## - ADDED ENTRY--PERSONAL NAME | |
| Personal name | Razaf Andy |
| Miscellaneous information | Codice autore musica SPICS: 10573 |
| Relator term | Autore musica |
| Name of part/section of a work | Memories of You - Honeysuckle Rose |
| 9 (RLIN) | 14670 |
| 700 ## - ADDED ENTRY--PERSONAL NAME | |
| Personal name | Blake Eubie |
| Miscellaneous information | Codice autore SPICS: 10551 |
| Relator term | Autore |
| Name of part/section of a work | Memories of You |
| 9 (RLIN) | 14671 |
| 700 ## - ADDED ENTRY--PERSONAL NAME | |
| Personal name | Waller Thomas Fats |
| Miscellaneous information | Codice autore musica SPICS: 15948 |
| Relator term | Autore musica |
| Name of part/section of a work | Honeysuckle Rose |
| 9 (RLIN) | 14672 |
| 700 ## - ADDED ENTRY--PERSONAL NAME | |
| Personal name | De Lange E. |
| Miscellaneous information | Codice autore musica SPICS: 20736 |
| Relator term | Autore musica |
| Name of part/section of a work | Darn That Dream |
| 9 (RLIN) | 14673 |
| 700 ## - ADDED ENTRY--PERSONAL NAME | |
| Personal name | Van Heusen Jimmy |
| Miscellaneous information | Codice autore SPICS: 15744 |
| Relator term | Autore |
| Name of part/section of a work | Darn That Dream |
| 9 (RLIN) | 14674 |
| 942 ## - ADDED ENTRY ELEMENTS (KOHA) | |
| Koha item type | DISCHI |
| Source of classification or shelving scheme | Dewey Decimal Classification |
| Withdrawn status | Lost status | Damaged status | Not for loan | Home library | Current library | Date acquired | Total Checkouts | Full call number | Date last seen | Price effective from | Koha item type | Public note |
|---|---|---|---|---|---|---|---|---|---|---|---|---|
| Buone Condizioni | Not For Loan | SPICS-MEDIATECA | SPICS-MEDIATECA | 25/10/2013 | 25880 | 25/10/2013 | 25/10/2013 | DISCHI | Progr. Ins.: 5753 / N.Vol.: 1 / Copie: 1 - Copia rara: SI / date import: 01.01.2014 - By Epidotti, Trombetti, Vaglietti |